Geography Quiz

Random Geography or City Quiz

States With A Top 50 City Minefield Quiz Stats

 Plays Quiz not verified by Sporcle

Support Sporcle.
Go Orange.
Score 0/28 Timer 10:00
0 Plays Today
% Correct
???
88.5%
???
84.5%
???
83.4%
???
79.1%
???
72.1%
???
71.2%
???
68%
???
66.7%
???
62.8%
???
61.6%
???
61.1%
???
59.5%
???
54.9%
???
51.1%
% Correct
???
47%
???
46.4%
???
45.6%
???
45.5%
???
44.2%
???
44.1%
???
41.1%
???
38.5%
???
38.2%
???
38.1%
???
32.1%
???
23.3%
???
22.4%
???
15.3%

You're not logged in!

Compare scores with friends on all Sporcle quizzes.
OR
Log In

From the Vault

These Words Have an 'Arm'

by DesertSpartan

This quiz has an...arm... up on all the others.
Remove Ads.
Support Sporcle.
Get the best of Sporcle when you Go Orange. This ad-free experience offers more features, more stats, and more fun while also helping to support Sporcle. Thank you for becoming a member.

Show Comments

Extras

Top Quizzes Today


Score Distribution

Your Account Isn't Verified!

In order to create a playlist on Sporcle, you need to verify the email address you used during registration. Go to your Sporcle Settings to finish the process.

Report this User

Report this user for behavior that violates our Community Guidelines.

Details: